Filmographie Denis Villeneuve - Statistiques

Statistiques générales
  • Ce quiz a été pris 103 fois
  • Le résultat moyen est 7 sur 11
Statistiques - réponses
Année Films % Correct
2021 Dune : Première partie
100%
2024 Dune : Deuxième partie
99%
2017 Blade Runner 2049
76%
2010 Incendies
76%
2016 Premier Contact
74%
2013 Prisoners
69%
2015 Sicario
61%
2013 Enemy
57%
2009 Polytechnique
38%
2000 Maelström
20%
1998 Un 32 août sur terre
19%
Aucun quiz correspondant
Distribution des résultats
% des personnes avec chaque résultat
Percentile par nombre de réponses
Votre historique - résultats
Vous n’avez pas pris ce quiz